Bulletin.

Bibliographic Details
Corporate Author: Washington State University. Engineering Experiment Station
Format: Journal
Language:English
Published: Pullman : The Station.
Subjects:

MARC

Tag First Indicator Second Indicator Subfields
LEADER 00000cas a2200000L 4500
001 in00000055325
005 20151008052218.0
008 750907d19141950wau x p s0uuua1eng d
035 |a (OCoLC)01605369 
035 |9 AAH2251AM 
040 |a MUL  |c MUL  |d TXA  |d UtOrBLW 
049 |a TXAE 
090 |a TA7  |b .W27 
110 1 |a Washington State University.  |b Engineering Experiment Station. 
245 1 0 |a Bulletin. 
247 1 0 |a Engineering bulletin  |f no. 1-72 
264 1 |a Pullman :  |b The Station. 
300 |a 74 nos :  |b illustrations  |a irreg. 
336 |a text  |b txt  |2 rdacontent 
337 |a unmediated  |b n  |2 rdamedia 
338 |a volume  |b nc  |2 rdacarrier 
362 0 |a no. 1-74; 1914-50. 
500 |a No. -62 issued as the university's Monthly bulletin; number 63-70 as the State College of Washington bulletin; number 44 issued as Bulletin number 285 of the Agricultural Experiment Station, Pullman. 
550 |a No. 33 issued in cooperation with the Agricultural Experiment Station, Pullman; no. 74 issued in cooperation with the Agricultural Extension Service. 
550 |a No. 1-74 issued by the station under an earlier name of the university: State College. 
650 0 |a Engineering. 
760 0 |a Washington (State) State University, Pullman.  |t Monthly bulletin 
760 0 |t State College of Washington bulletin 
760 0 |t Bulletin of the Agricultural Experiment Station, Pullman 
999 |a MARS 
999 f f |s 79fe88f8-6dba-3df1-8fd8-93a71d7218d1  |i 189c3e07-25e5-3326-a2ff-e4d2ba8f2af8  |t 0 
952 f f |p ric  |a Texas A&M University  |b Rellis Campus  |c Joint Library Facility  |d Remote Storage  |t 0  |e TA7 .W27  |h Library of Congress classification  |i unmediated -- volume  |k no.47-65  |l 1935:Oct.-1949:Jan.-1  |m A14842252737 
952 f f |p ric  |a Texas A&M University  |b Rellis Campus  |c Joint Library Facility  |d Remote Storage  |t 0  |e TA7 .W27  |h Library of Congress classification  |i unmediated -- volume  |k no.30-46  |l 1929:Oct.-1935:July  |m A14842252745 
952 f f |p ric  |a Texas A&M University  |b Rellis Campus  |c Joint Library Facility  |d Remote Storage  |t 0  |e TA7 .W27  |h Library of Congress classification  |i unmediated -- volume  |k no.7-28  |l 1921-1929:Apr.  |m A14842252752 
998 f f |a TA7 .W27  |s no.45-74  |t 0  |l Remote Storage